000 00677nam a2200193Ia 4500
003 GCL
008 140319s9999 xx 000 0 ara d
040 _aGCL /
_cGCL
082 0 4 _aش ف
_b791.43
_bب د
100 1 _aبركات
245 1 0 _aدعاء الكروان (شرائط فيديو) /
_cبركات
260 _aالقاهرة :
_bافلام جمال الليثى للسينما والفيديو
300 _a1 ش ف(120 د ق):
_bس ، ب ؛
_c1\2 بوصة
650 0 4 _aالافلام السينمائية
650 0 4 _aالافلام العربية
650 0 4 _aالافلام الاجتماعية
650 0 4 _aالفيديو، أشرطة
942 _2ddc
_cVM
999 _c28821
_d28821